Instruktorský slabikář : metodická příručka pro všechny, kdo organizují kurzy zážitkové pedagogiky / zpracoval kolektiv autorů: Zdeněk Beneš, Daniel Drahanský, Jana Haková, Milan Hanuš, Miroslav Hanuš, Radek Hanuš, Aleš Pokorný, Karel Štěpánek ; editovali: Milan a Radek Hanušovi
Record details
- ISBN: 978-80-270-0476-8
- Physical Description: 400 stran : ilustrace (převážně barevné), portréty, faksimile ; 19 x 23 cm
- Edition: Třetí, doplněné vydání
- Publisher: [Praha] : [Nadační fond Gymnasion], [2016]
- Copyright: ©2016
Content descriptions
| General Note: | Na obálce pod názvem: Prázdninová škola Lipnice V tiráži logem uvedená Grada je pouze sponzorem vydání Chronologické přehledy Terminologický slovník |
| Bibliography, etc. Note: | Obsahuje bibliografické odkazy |
| Issuing Body Note: | Vydavatel: Nadační fond Gymnasion |
Search for related items by subject
| Genre: | metodické příručky methodological manuals |
Search for related items by series
Available copies
- 1 of 1 copy available at Common Catalog SPOK.
Holds
- 0 current holds with 1 total copy.
Show Only Available Copies
| Location | Call Number / Copy Notes | Barcode | Shelving Location | Status | Due Date |
|---|---|---|---|---|---|
| Jabok Library | Ped-9.2/B | 424480038962 | Odborná literatura | Available | - |
| LDR | 03624nam a2200865 i 4500 | ||
|---|---|---|---|
| 001 | 24412 | ||
| 003 | CZ-PrJAB | ||
| 005 | 20170109093343.0 | ||
| 007 | ta | ||
| 008 | 160915t20162016xr ach f f 000 0dcze | ||
| 015 | . | ‡acnb002833495 | |
| 020 | . | ‡a978-80-270-0476-8 ‡q(brožováno) | |
| 035 | . | ‡a(CZ PrSKC)nkc20162833495 | |
| 040 | . | ‡aBOA001 ‡bcze ‡dABA001 ‡erda | |
| 043 | . | ‡ae-xr--- | |
| 045 | . | ‡ax-y- | |
| 072 | 7. | ‡a374 ‡xVýchova a vzdělávání dospělých. Mimoškolní výchova a vzdělávání ‡2Konspekt ‡922 | |
| 080 | . | ‡a061.23 ‡2MRF | |
| 080 | . | ‡a37.01:159.923.35 ‡2MRF | |
| 080 | . | ‡a374 ‡2MRF | |
| 080 | . | ‡a37.018.4 ‡2MRF | |
| 080 | . | ‡a374.7 ‡2MRF | |
| 080 | . | ‡a37.091.31-059.2-051 ‡2MRF | |
| 080 | . | ‡a(437.3) ‡2MRF | |
| 080 | . | ‡a(072) ‡2MRF | |
| 100 | 1 | . | ‡aBeneš, Zdeněk, ‡d1972- ‡7mzk2016934072 ‡4aut |
| 245 | 1 | 0. | ‡aInstruktorský slabikář : ‡bmetodická příručka pro všechny, kdo organizují kurzy zážitkové pedagogiky / ‡czpracoval kolektiv autorů: Zdeněk Beneš, Daniel Drahanský, Jana Haková, Milan Hanuš, Miroslav Hanuš, Radek Hanuš, Aleš Pokorný, Karel Štěpánek ; editovali: Milan a Radek Hanušovi |
| 250 | . | ‡aTřetí, doplněné vydání | |
| 264 | 1. | ‡a[Praha] : ‡b[Nadační fond Gymnasion], ‡c[2016] | |
| 264 | 4. | ‡c©2016 | |
| 300 | . | ‡a400 stran : ‡bilustrace (převážně barevné), portréty, faksimile ; ‡c19 x 23 cm | |
| 336 | . | ‡atext ‡btxt ‡2rdacontent | |
| 337 | . | ‡abez média ‡bn ‡2rdamedia | |
| 338 | . | ‡asvazek ‡bnc ‡2rdacarrier | |
| 490 | 1 | . | ‡aGymnasion ; ‡vsvazek 05 |
| 500 | . | ‡aNa obálce pod názvem: Prázdninová škola Lipnice | |
| 500 | . | ‡aV tiráži logem uvedená Grada je pouze sponzorem vydání | |
| 500 | . | ‡aChronologické přehledy | |
| 500 | . | ‡aTerminologický slovník | |
| 504 | . | ‡aObsahuje bibliografické odkazy | |
| 550 | . | ‡aVydavatel: Nadační fond Gymnasion | |
| 610 | 2 | 7. | ‡aPrázdninová škola Lipnice (sdružení) ‡7kn20070326010 ‡2czenas |
| 648 | 7. | ‡a20.-21. století ‡7ch462155 ‡2czenas | |
| 650 | 0 | 7. | ‡azájmová sdružení ‡7ph125280 ‡zČesko ‡y20.-21. století ‡2czenas |
| 650 | 0 | 7. | ‡azážitková pedagogika ‡7ph446678 ‡2czenas |
| 650 | 0 | 7. | ‡amimoškolní vzdělávání ‡7ph122883 ‡2czenas |
| 650 | 0 | 7. | ‡avzdělávací kurzy ‡7ph262225 ‡2czenas |
| 650 | 0 | 7. | ‡avzdělávání dospělých ‡7ph162891 ‡2czenas |
| 650 | 0 | 7. | ‡atutoři ‡7ph135264 ‡2czenas |
| 650 | 0 | 9. | ‡ainterest associations ‡zCzechia ‡y20th-21st centuries ‡2eczenas |
| 650 | 0 | 9. | ‡aexperience pedagogy ‡2eczenas |
| 650 | 0 | 9. | ‡aout-of-school education ‡2eczenas |
| 650 | 0 | 9. | ‡aeducational courses ‡2eczenas |
| 650 | 0 | 9. | ‡aadult learning ‡2eczenas |
| 650 | 0 | 9. | ‡atutors ‡2eczenas |
| 655 | 7. | ‡ametodické příručky ‡7fd132826 ‡2czenas | |
| 655 | 9. | ‡amethodological manuals ‡2eczenas | |
| 700 | 1 | . | ‡aDrahanský, Daniel, ‡d1972- ‡7mzk2016934075 ‡4aut |
| 700 | 1 | . | ‡aHaková, Jana, ‡d1976- ‡7mzk2012678589 ‡4aut |
| 700 | 1 | . | ‡aHanuš, Milan, ‡d1963 prosinec 18.- ‡7mzk2016934077 ‡4aut ‡4edt |
| 700 | 1 | . | ‡aHanuš, Miroslav, ‡d1969- ‡7mzk2016934091 ‡4aut |
| 700 | 1 | . | ‡aHanuš, Radek, ‡d1969- ‡7xx0018809 ‡4aut ‡4edt |
| 700 | 1 | . | ‡aPokorný, Aleš, ‡d1972- ‡7jo2016934443 ‡4aut |
| 700 | 1 | . | ‡aŠtěpánek, Karel, ‡d1979- ‡7mzk2009512674 ‡4aut |
| 710 | 2 | . | ‡aPrázdninová škola Lipnice (sdružení) ‡7kn20070326010 ‡4oth |
| 710 | 2 | . | ‡aNadační fond Gymnasion ‡7mzk2016934102 ‡4pbl |
| 830 | 0. | ‡aGymnasion | |
| 910 | . | ‡aABG312 | |
| 928 | 9 | . | ‡aGrada |
| 901 | . | ‡a24412 ‡b ‡c24412 ‡tbiblio | |